Austrian States - Flag Map - Statistics

General Stats
  • This quiz has been taken 413 times
  • The average score is 7 of 9
Answers on the Map
Answers color-coded by a green-red scale on the quiz's map according to % correct below.
 
Answer Stats
Answer % Correct
Vienna
98%
Tyrol
93%
Salzburg
88%
Lower Austria
85%
Upper Austria
82%
Styria
79%
Burgenland
73%
Carinthia
72%
Vorarlberg
69%
No matching quizzes found
Score Distribution
Percent of People with Each Score
Percentile by Number Answered
Your Score History
You have not taken this quiz